Looney Tunes Christmas Card Quiz Stats

 Plays Quiz not verified by Sporcle

Score 0/18 Timer 02:00
0 Plays Today
% Correct
Bugs
95.9%
Tweety
95.5%
Sylvester
95.4%
Daffy
95.4%
Marvin
95%
Taz
94.7%
Porky
94.6%
Pepé
94.4%
Sam
94.3%
% Correct
Wile E.
94.2%
Elmer
93.9%
George
93.6%
Prissy
92.2%
Road Runner
92.1%
Speedy
91.6%
Foghorn
91.3%
Henery
86.3%
K-9
76.1%

You're not logged in!

Compare scores with friends on all Sporcle quizzes.
OR
Log In

Show Comments

Extras

Top Quizzes Today


Score Distribution

Your Account Isn't Verified!

In order to create a playlist on Sporcle, you need to verify the email address you used during registration. Go to your Sporcle Settings to finish the process.

Report this User

Report this user for behavior that violates our Community Guidelines.

Details: